University Home | Library Home | Institutional Repository

The practice of osteosynthesis : (Record no. 43919)

MARC details
000 -LEADER
fixed length control field 00978cam3a220030100 4500
001 - CONTROL NUMBER
control field qce01712952
005 - DATE AND TIME OF LATEST TRANSACTION
control field 20190813175007.0
008 - FIXED-LENGTH DATA ELEMENTS--GENERAL INFORMATION
fixed length control field 740709s1974 gw a 001 0 eng
010 ## - LIBRARY OF CONGRESS CONTROL NUMBER
LC control number 74171909
020 ## - INTERNATIONAL STANDARD BOOK NUMBER
International Standard Book Number 3135096017
035 ## - SYSTEM CONTROL NUMBER
System control number (Sirsi) r24513
035 ## - SYSTEM CONTROL NUMBER
System control number (QCAT)lss00631205
035 ## - SYSTEM CONTROL NUMBER
System control number (UPRA)qce01712952
040 ## - CATALOGING SOURCE
Modifying agency UPRA
070 ## - NATIONAL AGRICULTURAL LIBRARY CALL NUMBER
Classification number RD103.I5S313
082 ## - DEWEY DECIMAL CLASSIFICATION NUMBER
Classification number 617/.15
100 1# - MAIN ENTRY--PERSONAL NAME
Personal name Schauwecker, Frank.
Linkage A87090.1
245 14 - TITLE STATEMENT
Title The practice of osteosynthesis :
Remainder of title a manual of accident surgery.
246 30 - VARYING FORM OF TITLE
Title proper/short title Osteosynthesis
260 ## - PUBLICATION, DISTRIBUTION, ETC.
Place of publication, distribution, etc. Stuttgart :
Name of publisher, distributor, etc. G. Thieme,
Date of publication, distribution, etc. 1974.
500 ## - GENERAL NOTE
General note Translation of Osteosynthese Praxis.
650 #0 - SUBJECT ADDED ENTRY--TOPICAL TERM
Topical term or geographic name entry element Internal fixation in fractures.
Linkage S62707.1
650 #0 - SUBJECT ADDED ENTRY--TOPICAL TERM
Topical term or geographic name entry element Bone-grafting.
Linkage S62708.1
650 #0 - SUBJECT ADDED ENTRY--TOPICAL TERM
Topical term or geographic name entry element Surgery, Operative.
Linkage S23697.1
700 1# - ADDED ENTRY--PERSONAL NAME
Personal name Schauwecker, Frank. Osteosynthese Praxis.
Title of a work Schauwecker, Frank. Osteosynthese Praxis.
Linkage A87090.2
949 ## - LOCAL PROCESSING INFORMATION (OCLC)
a RD32
w LC
i -24254
m MEDICAL
t BOOK
l ON-SHELF
Holdings
Withdrawn status Lost status Source of classification or shelving scheme Damaged status Not for loan Home library Current library Shelving location Total Checkouts Full call number Barcode Date last seen Copy number Price effective from Koha item type
    Library of Congress Classification     Medical Library Medical Library On Shelf   RD32 -24254 08/13/2019 1 08/13/2019 Book
© 2026 - The University of Zambia Library - Koha v25.11